Paap dy Sawilay / (Record no. 527563)
[ view plain ]
| 000 -LEADER | |
|---|---|
| fixed length control field | 00300nam a22001217a 4500 |
| 003 - CONTROL NUMBER IDENTIFIER | |
| control field | NUST |
| 038 ## - RECORD CONTENT LICENSOR | |
| Staff Name | waseem |
| 082 ## - DEWEY DECIMAL CLASSIFICATION NUMBER | |
| Classification number | 891.421 |
| Author Mark | SAF |
| 100 ## - MAIN ENTRY--PERSONAL NAME | |
| Personal name | Safeer, Pritam Singh |
| 9 (RLIN) | 18897 |
| 245 ## - TITLE STATEMENT | |
| Title | Paap dy Sawilay / |
| Statement of responsibility, etc. | Pritam Singh Safeer |
| 260 ## - PUBLICATION, DISTRIBUTION, ETC. | |
| Place of publication, distribution, etc. | Lahore : |
| Name of publisher, distributor, etc. | Lahore Book Shop, |
| Date of publication, distribution, etc. | 1942. |
| 942 ## - ADDED ENTRY ELEMENTS (KOHA) | |
| Source of classification or shelving scheme | |
| Koha item type | Book |
| Withdrawn status | Lost status | Source of classification or shelving scheme | Damaged status | Not for loan | Permanent Location | Current Location | Shelving location | Date acquired | Total Checkouts | Full call number | Barcode | Date last seen | Price effective from | Koha item type |
|---|---|---|---|---|---|---|---|---|---|---|---|---|---|---|
| Central Library (CL) | Central Library (CL) | Punjabi Literature | 07/31/2019 | 891.421 SAF | CL-E-2113 | 07/31/2019 | 07/31/2019 | Book |
